000 00466nam a2200181Ia 4500
008 221030s9999 xx 000 0 und d
020 _a0070589518
041 _aEnglish
082 _a105.23
_bFra
100 _aJ. C. Francis
245 0 _aSchaum`s Outlines of Theory & Problems of Investment
_cby J. C. Francis, R.W. Taylor
250 _a2nd
260 _bTMH
_aNew Delhi
_c2004
300 _a330
650 _aManagement
700 _aR.W. Taylor
942 _cBK
999 _c3912
_d3912